000 00731nam a2200229Ia 4500
003 GCL
008 140319s9999 xx 000 0 ara d
040 _aGCL /
_cGCL
082 0 4 _a539.2
_bف ا
100 1 _aمحمد فاروق احمد
245 1 0 _aالاشعاع : الجرعات والتاثيرات والمخاطر /
_cمحمد فاروق احمد
700 1 _aفوزى حسين حماد (ترجمة)
700 1 _aعبدالرحمن محمد مليبارى
300 _a139 ص
490 _a
650 0 4 _aالاشعاع
650 0 4 _aالطاقة النووية
650 0 4 _aمصادر الطاقة
650 0 4 _aالطاقة الاشعاعية
650 0 4 _aالاشعة الكونية
942 _2ddc
_cBK
999 _c47862
_d47862